Environmentally friendly nutrient supply of spring barley

We examined the effect of fertilization and soil bacterium preparation on the yield of spring barley varieties in 2011. The experiment was set in three repetitions, random blocks. The soil of the experiment was calcareous meadow chernozem. During the experiment we applied seven different fertilizer...

Teljes leírás

Elmentve itt :
Bibliográfiai részletek
Szerzők: Jakab Péter
Jakabné Nagy Piroska
Dokumentumtípus: Cikk
Megjelent: 2013
Sorozat:Review on agriculture and rural development 2 No. 1
Kulcsszavak:Árpa - termesztés, Tavaszi árpa, Növénytermesztés - szántóföldi, Gabonatermesztés - kalászos, Talajerőgazdálkodás, Biometria, Környezetvédelem
Tárgyszavak:
Online Access:http://acta.bibl.u-szeged.hu/55266
LEADER 02127nab a2200229 i 4500
001 acta55266
005 20240416153134.0
008 180615s2013 hu o 0|| eng d
022 |a 2063-4803 
040 |a SZTE Egyetemi Kiadványok Repozitórium  |b hun 
041 |a eng 
100 1 |a Jakab Péter 
245 1 0 |a Environmentally friendly nutrient supply of spring barley  |h [elektronikus dokumentum] /  |c  Jakab Péter 
260 |c 2013 
300 |a 274-277 
490 0 |a Review on agriculture and rural development  |v 2 No. 1 
520 3 |a We examined the effect of fertilization and soil bacterium preparation on the yield of spring barley varieties in 2011. The experiment was set in three repetitions, random blocks. The soil of the experiment was calcareous meadow chernozem. During the experiment we applied seven different fertilizer bacteria treatments, which we supplemented with a control plot. The year 2011 was unfavourable for spring barley production. In 2011 the amount of precipitation in the vegetation period of spring barley was lower than the average of 30 by 39.7 mm. As a result, relatively low yields formed. The control plots had the lowest average yield, 2.2-2.42 t/ha. We can claim that improving the nutrient supply the crop results were higher. Without the bacteria treatment the crop results were between 3.12 and 4.42 t/ha. The most favourable results occurred in case of N 80 kg/ha+PK and N 120kg/ha+PK treatments. Under the influence of soil bacteria treatments the average yields were better, which obviously proves the nutriment transformation ability of the bacteria. With bacteria treatments the result was 3.37 –4.5 t/ha, so owing to this we registered 0.1 – 0.44 t/ha extra yield. 
650 4 |a Mezőgazdaság-tudományok 
650 4 |a Mezőgazdaság, erdészet, halászat 
695 |a Árpa - termesztés, Tavaszi árpa, Növénytermesztés - szántóföldi, Gabonatermesztés - kalászos, Talajerőgazdálkodás, Biometria, Környezetvédelem 
700 0 2 |a Jakabné Nagy Piroska  |e aut 
856 4 0 |u http://acta.bibl.u-szeged.hu/55266/1/agricul_review_2013_001_suppl_274-277.pdf  |z Dokumentum-elérés